Khuda mojood he . . . ? = خدا موجود ہے ۔ ۔ . سائنسدانوں کی نظر میں ۔ / (Record no. 113619)
[ view plain ]
| 000 -LEADER | |
|---|---|
| fixed length control field | 00614nam a22001457a 4500 |
| 005 - DATE AND TIME OF LATEST TRANSACTION | |
| control field | 20190823103636.0 |
| 008 - FIXED-LENGTH DATA ELEMENTS--GENERAL INFORMATION | |
| fixed length control field | 190823b ||||| |||| 00| 0 eng d |
| 040 ## - CATALOGING SOURCE | |
| Transcribing agency | PK-LaUMT |
| 082 ## - DEWEY DECIMAL CLASSIFICATION NUMBER | |
| Classification number | 215 |
| Item number | MON-K |
| 100 ## - MAIN ENTRY--PERSONAL NAME | |
| Personal name | Monsma, John Clover = مونزما، جان کلوور |
| 245 ## - TITLE STATEMENT | |
| Title | Khuda mojood he . . . ? = خدا موجود ہے ۔ ۔ . سائنسدانوں کی نظر میں ۔ / |
| Statement of responsibility, etc | by John Clover Monsma; translated by Abdul Hameed Siddiqui = از جان کلوور مونزما; ترجمہ عبدالحمید صدیقی |
| 260 ## - PUBLICATION, DISTRIBUTION, ETC. (IMPRINT) | |
| Place of publication, distribution, etc | Lahore : |
| Name of publisher, distributor, etc | Fiction House, |
| Date of publication, distribution, etc | 2014 |
| 300 ## - PHYSICAL DESCRIPTION | |
| Extent | 215 p. |
| 942 ## - ADDED ENTRY ELEMENTS (KOHA) | |
| Koha item type | Books |
| Withdrawn status | Lost status | Damaged status | Home library | Current library | Date acquired | Full call number | Barcode | Date last seen | Price effective from | Koha item type |
|---|---|---|---|---|---|---|---|---|---|---|
| UMT Main Campus | UMT Main Campus | 2019-08-23 | 215 MON-K | 131168 | 2019-08-23 | 2019-08-23 | Books |
